000 00269nam a22001217a 4500
008 260420b ||||| |||| 00| 0 eng d
041 _aShqip
080 _a00.1
100 _a40
101 _aGjuhe shqipe
245 _aZoti Cogito
_cZbignjev Herbert
942 _2udc
_cBK
999 _c60985
_d60985